[Event "Liga Madrileña - DH 2018-2019"]
[Site "Madrid ESP"]
[Date "2019.01.27"]
[Round "7.1"]
[White "Fernandez Blazquez, Diego"]
[Black "Moreno Trujillo, Alejandro"]
[Result "0-1"]
[WhiteElo "2248"]
[BlackElo "2515"]
[PlyCount "126"]
[EventDate "2018.11.18"]
[EventType "team-tourn"]
[EventRounds "14"]
[EventCountry "ESP"]
[SourceTitle "Ajedrez en Madrid"]
[Source "lmi"]
[SourceDate "2018.11.18"]
[SourceVersion "1"]
[SourceVersionDate "2019.04.02"]
[SourceQuality "1"]
[WhiteTeam "San Fernando de Henares"]
[BlackTeam "64 Villalba"]
[WhiteTeamCountry "ESP"]
[BlackTeamCountry "ESP"]

1. d4 Nf6 2. c4 e6 3. g3 c5 4. d5 exd5 5. cxd5 d6 6. Bg2 g6 7. Nc3 Bg7 8. Nf3
O-O 9. O-O Re8 10. Bf4 Ne4 11. Nxe4 Rxe4 12. Nd2 Rxf4 13. gxf4 Bxb2 14. Rb1 Bg7
15. e4 Nd7 16. Nc4 Nb6 17. Nxb6 axb6 18. Qb3 Bh6 19. Qg3 Rxa2 20. Ra1 Ra6 21.
e5 Bf5 22. Rfe1 b5 23. e6 Rxa1 24. Rxa1 fxe6 25. dxe6 Bxe6 26. Bxb7 Qf6 27.
Ra8+ Bf8 28. f5 Bf7 29. Be4 Kg7 30. fxg6 hxg6 31. Ra7 Be7 32. Qe3 Qe6 33. Bd5
Qxe3 34. fxe3 Bxd5 35. Rxe7+ Kf6 36. Re8 b4 37. Kf2 Bf7 38. Rb8 Ke5 39. Ke2 Be6
40. Kd2 Bf5 41. h4 Kd5 42. Rf8 Be4 43. Rb8 Kc4 44. Rb6 d5 45. Rb8 Kb3 46. Kc1
c4 47. Rb6 Kc3 48. Rb8 b3 49. Rb6 Kd3 50. Kb2 Kd2 51. Rc6 Kxe3 52. Rc7 Kd2 53.
Rc5 Kd3 54. Rc8 d4 55. Rc5 Bf3 56. Rg5 Bh5 57. Rg3+ Kd2 58. Rg2+ Be2 59. Rxg6
c3+ 60. Kxb3 c2 61. Rc6 c1=Q 62. Rxc1 Kxc1 63. h5 Bd3 0-1

[Event "Liga Madrileña - DH 2018-2019"]
[Site "Madrid ESP"]
[Date "2019.01.27"]
[Round "7.2"]
[White "Pulvett Marin, Daniel Eduardo"]
[Black "Jimenez Lopez, Antonio"]
[Result "1/2-1/2"]
[WhiteElo "2468"]
[BlackElo "2176"]
[PlyCount "72"]
[EventDate "2018.11.18"]
[EventType "team-tourn"]
[EventRounds "14"]
[EventCountry "ESP"]
[SourceTitle "Ajedrez en Madrid"]
[Source "lmi"]
[SourceDate "2018.11.18"]
[SourceVersion "1"]
[SourceVersionDate "2019.04.02"]
[SourceQuality "1"]
[WhiteTeam "64 Villalba"]
[BlackTeam "San Fernando de Henares"]
[WhiteTeamCountry "ESP"]
[BlackTeamCountry "ESP"]

1. d4 Nf6 2. Nf3 g6 3. c4 Bg7 4. Nc3 d6 5. e4 O-O 6. Be2 e5 7. Be3 c6 8. d5 Na6
9. Nd2 Ne8 10. a3 f5 11. f3 c5 12. Rb1 b6 13. b4 Bd7 14. O-O f4 15. Bf2 g5 16.
Nb5 h5 17. Rb2 Rf6 18. Nb3 Rg6 19. h3 Bf8 20. bxc5 Nxc5 21. Nxc5 bxc5 22. Qd3
g4 23. fxg4 hxg4 24. Bxg4 Bxg4 25. hxg4 Rxg4 26. Qh3 Qg5 27. Nc3 Nf6 28. Rb7
Bh6 29. Be1 Kh8 30. Rf3 Rg8 31. Rb2 a6 32. Kf1 Nh5 33. Rb6 Ng3+ 34. Bxg3 Rxg3
35. Qh1 Rxg2 36. Ne2 Rg6 1/2-1/2

[Event "Liga Madrileña - DH 2018-2019"]
[Site "Madrid ESP"]
[Date "2019.01.27"]
[Round "7.3"]
[White "De la Orden Alcocer, Alejandro"]
[Black "Khamrakulov, Ibragim S"]
[Result "0-1"]
[WhiteElo "1972"]
[BlackElo "2444"]
[PlyCount "70"]
[EventDate "2018.11.18"]
[EventType "team-tourn"]
[EventRounds "14"]
[EventCountry "ESP"]
[SourceTitle "Ajedrez en Madrid"]
[Source "lmi"]
[SourceDate "2018.11.18"]
[SourceVersion "1"]
[SourceVersionDate "2019.04.02"]
[SourceQuality "1"]
[WhiteTeam "San Fernando de Henares"]
[BlackTeam "64 Villalba"]
[WhiteTeamCountry "ESP"]
[BlackTeamCountry "ESP"]

1. c4 c5 2. Nc3 Nc6 3. g3 g6 4. Bg2 Bg7 5. Nf3 e6 6. d3 Nge7 7. h4 h6 8. Be3
Nd4 9. O-O O-O 10. Rb1 Nec6 11. Ne1 b6 12. a3 a5 13. a4 Bb7 14. Nb5 d5 15. Nxd4
cxd4 16. Bd2 Ne5 17. b3 Qd7 18. Nf3 Ng4 19. Bc1 Bc6 20. Ba3 Rfb8 21. Qd2 dxc4
22. dxc4 e5 23. Rfd1 Qb7 24. Bb2 Re8 25. Qe1 Rad8 26. Qf1 d3 27. Ne1 e4 28.
Bxg7 Kxg7 29. e3 Rd6 30. Bh3 Ne5 31. Rd2 Rf6 32. Rbb2 g5 33. f4 exf3 34. Nxd3
f2+ 35. Nxf2 Nf3+ 0-1

[Event "Liga Madrileña - DH 2018-2019"]
[Site "Madrid ESP"]
[Date "2019.01.27"]
[Round "7.4"]
[White "Ruperez Benito, Antonio"]
[Black "Lucas Quintans, Carlos"]
[Result "1-0"]
[WhiteElo "2350"]
[BlackElo "1938"]
[PlyCount "113"]
[EventDate "2018.11.18"]
[EventType "team-tourn"]
[EventRounds "14"]
[EventCountry "ESP"]
[SourceTitle "Ajedrez en Madrid"]
[Source "lmi"]
[SourceDate "2018.11.18"]
[SourceVersion "1"]
[SourceVersionDate "2019.04.02"]
[SourceQuality "1"]
[WhiteTeam "64 Villalba"]
[BlackTeam "San Fernando de Henares"]
[WhiteTeamCountry "ESP"]
[BlackTeamCountry "ESP"]

1. e4 c5 2. Nf3 Nc6 3. Bb5 a6 4. Bxc6 bxc6 5. O-O d5 6. d3 e6 7. Re1 Nf6 8.
Nbd2 a5 9. c4 a4 10. Qc2 Be7 11. Nb1 Qa5 12. Bd2 Qa6 13. Bg5 Bb7 14. Nbd2 h6
15. Bxf6 gxf6 16. a3 e5 17. Nh4 d4 18. Nf5 Bc8 19. b3 Bxf5 20. exf5 Qc8 21.
bxa4 Qxf5 22. Ne4 Qd7 23. f4 f5 24. Nxc5 Qa7 25. Nb3 e4 26. dxe4 d3+ 27. Qf2
Qxf2+ 28. Kxf2 Rxa4 29. exf5 Rxc4 30. Ke3 Kd7 31. Red1 Bd6 32. g3 Re8+ 33. Kxd3
Rce4 34. Kc2 Rc4+ 35. Kd3 Rce4 36. a4 Bb4 37. Rac1 Kc7 38. Nd4 Re3+ 39. Kc4 c5
40. Nb5+ Kb8 41. Nd6 R8e7 42. f6 R7e6 43. Nxf7 Rxf6 44. Ne5 Re6 45. Rd3 Re2 46.
Rcd1 R2xe5 47. fxe5 Rxe5 48. Rd8+ Kc7 49. R8d7+ Kc8 50. Rh7 h5 51. Rf1 Re8 52.
Rff7 Ba3 53. Rc7+ Kb8 54. Rb7+ Kc8 55. Rhc7+ Kd8 56. Rb8+ Kxc7 57. Rxe8 1-0

[Event "Liga Madrileña - DH 2018-2019"]
[Site "Madrid ESP"]
[Date "2019.01.27"]
[Round "7.5"]
[White "Rodriguez Lopez, Ruben"]
[Black "Blanco Samaniego, Alejandro"]
[Result "0-1"]
[WhiteElo "1849"]
[BlackElo "1927"]
[PlyCount "48"]
[EventDate "2018.11.18"]
[EventType "team-tourn"]
[EventRounds "14"]
[EventCountry "ESP"]
[SourceTitle "Ajedrez en Madrid"]
[Source "lmi"]
[SourceDate "2018.11.18"]
[SourceVersion "1"]
[SourceVersionDate "2019.04.02"]
[SourceQuality "1"]
[WhiteTeam "San Fernando de Henares"]
[BlackTeam "64 Villalba"]
[WhiteTeamCountry "ESP"]
[BlackTeamCountry "ESP"]

1. e4 c5 2. Nf3 Nc6 3. d4 cxd4 4. Nxd4 g6 5. Nc3 Bg7 6. Nxc6 bxc6 7. Bc4 d6 8.
Qf3 e6 9. Bf4 d5 10. exd5 cxd5 11. Nxd5 exd5 12. Bxd5 Qe7+ 13. Kf1 Ba6+ 14. c4
O-O-O 15. Qb3 Be5 16. Qa4 Rd6 17. Be3 Nf6 18. Bc6 Bb7 19. Bxb7+ Qxb7 20. Rb1
Rhd8 21. Bc5 Qd7 22. Qxd7+ R6xd7 23. Re1 Bxb2 24. f3 Bc3 0-1

[Event "Liga Madrileña - DH 2018-2019"]
[Site "Madrid ESP"]
[Date "2019.01.27"]
[Round "7.6"]
[White "Blasco de la Cruz, Luis"]
[Black "Haro Casas, Emilio"]
[Result "1/2-1/2"]
[WhiteElo "1920"]
[BlackElo "1812"]
[PlyCount "25"]
[EventDate "2018.11.18"]
[EventType "team-tourn"]
[EventRounds "14"]
[EventCountry "ESP"]
[SourceTitle "Ajedrez en Madrid"]
[Source "lmi"]
[SourceDate "2018.11.18"]
[SourceVersion "1"]
[SourceVersionDate "2019.04.02"]
[SourceQuality "1"]
[WhiteTeam "64 Villalba"]
[BlackTeam "San Fernando de Henares"]
[WhiteTeamCountry "ESP"]
[BlackTeamCountry "ESP"]

1. e4 d5 2. exd5 Qxd5 3. Nf3 Bg4 4. Be2 Nd7 5. d4 Ngf6 6. c4 Qa5+ 7. Qd2 Qxd2+
8. Bxd2 e6 9. Nc3 c6 10. O-O Bd6 11. Rfe1 O-O 12. h3 Bh5 13. Ng5 1/2-1/2

[Event "Liga Madrileña - DH 2018-2019"]
[Site "Madrid ESP"]
[Date "2019.01.27"]
[Round "7.1"]
[White "Bolado Saez, Sergio"]
[Black "Vallejo Diaz, Javier"]
[Result "1-0"]
[WhiteElo "2357"]
[BlackElo "2382"]
[PlyCount "61"]
[EventDate "2018.11.18"]
[EventType "team-tourn"]
[EventRounds "14"]
[EventCountry "ESP"]
[SourceTitle "Ajedrez en Madrid"]
[Source "lmi"]
[SourceDate "2018.11.18"]
[SourceVersion "1"]
[SourceVersionDate "2019.04.02"]
[SourceQuality "1"]
[WhiteTeam "Blanco y Negro"]
[BlackTeam "Alcorcon"]
[WhiteTeamCountry "ESP"]
[BlackTeamCountry "ESP"]

1. d4 Nf6 2. c4 e6 3. Nf3 c5 4. d5 exd5 5. cxd5 g6 6. Nc3 d6 7. h3 Bg7 8. e4
O-O 9. Bd3 a6 10. a4 Nbd7 11. O-O b6 12. Bf4 Qe7 13. Nd2 Nh5 14. Bh2 Rb8 15.
Be2 Nhf6 16. f4 Ne8 17. Re1 Nc7 18. e5 dxe5 19. Nc4 Qd8 20. fxe5 b5 21. axb5
axb5 22. Na5 Nxe5 23. Bf1 Qg5 24. Ne4 Qf5 25. Bxe5 Bxe5 26. Nc6 Bd4+ 27. Kh1
Nxd5 28. Nxb8 Bb7 29. Bd3 Ne3 30. Rxe3 Bxe3 31. Nd7 1-0

[Event "Liga Madrileña - DH 2018-2019"]
[Site "Madrid ESP"]
[Date "2019.01.27"]
[Round "7.3"]
[White "Alarcia Astiz, Carlos"]
[Black "Vallejo Diaz, Jesus"]
[Result "1-0"]
[WhiteElo "2287"]
[BlackElo "2225"]
[PlyCount "111"]
[EventDate "2018.11.18"]
[EventType "team-tourn"]
[EventRounds "14"]
[EventCountry "ESP"]
[SourceTitle "Ajedrez en Madrid"]
[Source "lmi"]
[SourceDate "2018.11.18"]
[SourceVersion "1"]
[SourceVersionDate "2019.04.02"]
[SourceQuality "1"]
[WhiteTeam "Blanco y Negro"]
[BlackTeam "Alcorcon"]
[WhiteTeamCountry "ESP"]
[BlackTeamCountry "ESP"]

1. e4 e5 2. Nf3 Nc6 3. Bc4 Nf6 4. d3 Be7 5. O-O d6 6. c3 O-O 7. Re1 Na5 8. Bb5
a6 9. Ba4 b5 10. Bc2 c5 11. Nbd2 Re8 12. Nf1 Bf8 13. Bg5 h6 14. Bh4 Nc6 15. Ne3
Be7 16. h3 Nh7 17. Bg3 Ng5 18. Bb3 Be6 19. Bd5 Rc8 20. a4 b4 21. Nd2 bxc3 22.
bxc3 Na5 23. Qc2 Nh7 24. Qa2 Bg5 25. Ndc4 Bxe3 26. fxe3 Bxd5 27. exd5 f5 28.
Rf1 g6 29. Rab1 Re7 30. Rb2 Rf7 31. Nxa5 Qxa5 32. Qc4 Nf6 33. Rfb1 Nh5 34. Bf2
Qd8 35. Qxa6 Ra8 36. Qxa8 Qxa8 37. Rb8+ Rf8 38. Rxa8 Rxa8 39. Ra1 c4 40. dxc4
Nf6 41. a5 Ne4 42. a6 Ra7 43. Ra3 Kf7 44. c5 dxc5 45. c4 Ke8 46. Be1 Kd7 47.
Kf1 Nd6 48. Ra4 Ne8 49. Bc3 Kd6 50. Ke2 g5 51. g4 fxg4 52. hxg4 Nf6 53. Kf3 e4+
54. Kg3 Nd7 55. Bg7 Nb6 56. Bf8+ 1-0

[Event "Liga Madrileña - DH 2018-2019"]
[Site "Madrid ESP"]
[Date "2019.01.27"]
[Round "7.4"]
[White "Garcia Dorado, Alberto"]
[Black "Shen, Yue"]
[Result "0-1"]
[WhiteElo "2235"]
[BlackElo "2263"]
[PlyCount "64"]
[EventDate "2018.11.18"]
[EventType "team-tourn"]
[EventRounds "14"]
[EventCountry "ESP"]
[SourceTitle "Ajedrez en Madrid"]
[Source "lmi"]
[SourceDate "2018.11.18"]
[SourceVersion "1"]
[SourceVersionDate "2019.04.02"]
[SourceQuality "1"]
[WhiteTeam "Alcorcon"]
[BlackTeam "Blanco y Negro"]
[WhiteTeamCountry "ESP"]
[BlackTeamCountry "ESP"]

1. d4 Nf6 2. c4 e6 3. g3 c5 4. d5 exd5 5. cxd5 b5 6. e4 Nxe4 7. Bg2 Nd6 8. Nh3
Be7 9. O-O O-O 10. Nf4 Na6 11. Nc3 Rb8 12. Re1 b4 13. Ne4 Nxe4 14. Bxe4 Rb6 15.
Qc2 g6 16. b3 Bf6 17. Bb2 Bxb2 18. Qxb2 Qf6 19. Qc2 d6 20. Rad1 Nc7 21. Bd3 Rb8
22. Re3 Bb7 23. Bc4 Rfe8 24. Ng2 Rxe3 25. Nxe3 Re8 26. Ng4 Qf3 27. Ne3 Bc8 28.
Be2 Qf6 29. Kg2 Re5 30. Bg4 Rxe3 31. fxe3 Bxg4 32. Rf1 Bh3+ 0-1

[Event "Liga Madrileña - DH 2018-2019"]
[Site "Madrid ESP"]
[Date "2019.01.27"]
[Round "7.5"]
[White "Renteria Becerra, Jorge Elicer"]
[Black "Medina Riesgo, Pedro"]
[Result "1-0"]
[WhiteElo "2227"]
[BlackElo "2141"]
[PlyCount "67"]
[EventDate "2018.11.18"]
[EventType "team-tourn"]
[EventRounds "14"]
[EventCountry "ESP"]
[SourceTitle "Ajedrez en Madrid"]
[Source "lmi"]
[SourceDate "2018.11.18"]
[SourceVersion "1"]
[SourceVersionDate "2019.04.02"]
[SourceQuality "1"]
[WhiteTeam "Blanco y Negro"]
[BlackTeam "Alcorcon"]
[WhiteTeamCountry "ESP"]
[BlackTeamCountry "ESP"]

1. e4 c5 2. Nf3 g6 3. d4 cxd4 4. Nxd4 Nf6 5. Nc3 Nc6 6. Be3 Bg7 7. Bc4 Qa5 8.
O-O O-O 9. Bb3 d6 10. h3 Bd7 11. Nf3 Rac8 12. Re1 Qh5 13. Bg5 Ne5 14. Nxe5 Qxg5
15. Nf3 Qa5 16. e5 dxe5 17. Nxe5 Rcd8 18. Qf3 Be6 19. Qxb7 Nd7 20. Nc6 Qb6 21.
Qxb6 Nxb6 22. Nxd8 Rxd8 23. Rad1 Rb8 24. Bxe6 fxe6 25. Rxe6 Kf7 26. Rc6 Rb7 27.
b3 Nd7 28. Na4 h6 29. Nc5 Nxc5 30. Rxc5 Bf6 31. c4 Rb6 32. Rc8 Ra6 33. Rd2 Re6
34. g3 1-0

[Event "Liga Madrileña - DH 2018-2019"]
[Site "Madrid ESP"]
[Date "2019.01.27"]
[Round "7.6"]
[White "Prada Lopez, Miguel Angel"]
[Black "Hidalgo Duque, Carlos"]
[Result "1/2-1/2"]
[WhiteElo "2093"]
[BlackElo "2225"]
[PlyCount "94"]
[EventDate "2018.11.18"]
[EventType "team-tourn"]
[EventRounds "14"]
[EventCountry "ESP"]
[SourceTitle "Ajedrez en Madrid"]
[Source "lmi"]
[SourceDate "2018.11.18"]
[SourceVersion "1"]
[SourceVersionDate "2019.04.02"]
[SourceQuality "1"]
[WhiteTeam "Alcorcon"]
[BlackTeam "Blanco y Negro"]
[WhiteTeamCountry "ESP"]
[BlackTeamCountry "ESP"]

1. Nf3 Nf6 2. c4 e6 3. g3 d5 4. cxd5 exd5 5. Bg2 Bd6 6. O-O O-O 7. d4 c6 8. Nc3
Re8 9. Qc2 Nbd7 10. a3 a5 11. Bf4 Bxf4 12. gxf4 Qe7 13. e3 Nb6 14. Ne5 g6 15.
Ne2 Nh5 16. Ng3 Ng7 17. b3 Nf5 18. Qc5 Qd8 19. b4 Nd6 20. Qc2 Kg7 21. Rfc1 f6
22. Nd3 Nbc4 23. Bf1 Re7 24. Nb2 b5 25. a4 Rea7 26. axb5 cxb5 27. bxa5 Rxa5 28.
Rxa5 Qxa5 29. Bg2 Be6 30. Nd3 b4 31. Nc5 Bf7 32. e4 dxe4 33. Ngxe4 Nxe4 34.
Qxe4 Re8 35. Qb7 Qb6 36. Rb1 Qxb7 37. Bxb7 Rd8 38. d5 Nb6 39. Rxb4 Nxd5 40. Rd4
Kf8 41. Bxd5 Rxd5 42. Rxd5 Bxd5 43. Kf1 Ke7 44. Ke2 Kd6 45. Na4 Bc6 46. Nc3 Ke6
47. Ke3 h6 1/2-1/2

[Event "Liga Madrileña - DH 2018-2019"]
[Site "Madrid ESP"]
[Date "2019.01.27"]
[Round "7.1"]
[White "Reyes Larena, Juan"]
[Black "Gascon del Nogal, Jose Rafael"]
[Result "1/2-1/2"]
[WhiteElo "2446"]
[BlackElo "2486"]
[PlyCount "31"]
[EventDate "2018.11.18"]
[EventType "team-tourn"]
[EventRounds "14"]
[EventCountry "ESP"]
[SourceTitle "Ajedrez en Madrid"]
[Source "lmi"]
[SourceDate "2018.11.18"]
[SourceVersion "1"]
[SourceVersionDate "2019.04.02"]
[SourceQuality "1"]
[WhiteTeam "San Sebastian de los Reyes"]
[BlackTeam "Collado Villalba"]
[WhiteTeamCountry "ESP"]
[BlackTeamCountry "ESP"]

1. e4 c5 2. Ne2 Nf6 3. Nbc3 d6 4. g3 Nc6 5. Bg2 g6 6. d4 cxd4 7. Nxd4 Bd7 8.
O-O Bg7 9. Nde2 O-O 10. h3 Rc8 11. a4 Nb4 12. Be3 a5 13. Qd2 Bc6 14. Nd4 Nd7
15. Rac1 b6 16. b3 1/2-1/2

[Event "Liga Madrileña - DH 2018-2019"]
[Site "Madrid ESP"]
[Date "2019.01.27"]
[Round "7.2"]
[White "Moreno Ruiz, Javier"]
[Black "Quevedo Marin, Manuel"]
[Result "1-0"]
[WhiteElo "2452"]
[BlackElo "2188"]
[PlyCount "113"]
[EventDate "2018.11.18"]
[EventType "team-tourn"]
[EventRounds "14"]
[EventCountry "ESP"]
[SourceTitle "Ajedrez en Madrid"]
[Source "lmi"]
[SourceDate "2018.11.18"]
[SourceVersion "1"]
[SourceVersionDate "2019.04.02"]
[SourceQuality "1"]
[WhiteTeam "Collado Villalba"]
[BlackTeam "San Sebastian de los Reyes"]
[WhiteTeamCountry "ESP"]
[BlackTeamCountry "ESP"]

1. e4 c5 2. Be2 Nc6 3. f4 g6 4. Nf3 Bg7 5. O-O d5 6. d3 e6 7. c3 Nge7 8. Na3
O-O 9. Nc2 b6 10. e5 Ba6 11. Bd2 Qd7 12. Qe1 f5 13. exf6 Bxf6 14. Ne3 Nf5 15.
Ng4 Bg7 16. Rd1 Rae8 17. Nge5 Qc7 18. Nxc6 Qxc6 19. g4 Nd6 20. Qg3 Ne4 21. Qe1
Nxd2 22. Qxd2 Qd6 23. Nh4 Bh6 24. g5 Bg7 25. Bg4 d4 26. c4 Bb7 27. Rde1 Qc6 28.
Bf3 Qd7 29. Bxb7 Qxb7 30. Re4 b5 31. b3 bxc4 32. bxc4 Rf7 33. Qe2 Qd7 34. f5
gxf5 35. Nxf5 Ref8 36. Ng3 Rxf1+ 37. Nxf1 e5 38. Ng3 Qf7 39. Kg2 Qg6 40. Rg4
Rf4 41. Rxf4 exf4 42. Ne4 h6 43. Qg4 hxg5 44. Qxg5 Qa6 45. Kf3 Qa3 46. Nxc5 Qc1
47. Qxf4 Qe1 48. Kg4 Qe2+ 49. Qf3 Qxh2 50. Qd5+ Kf8 51. Ne6+ Ke7 52. Nxg7 Qg1+
53. Kh5 Qd1+ 54. Kh6 Qxd3 55. Qxd4 Qa3 56. Nf5+ Ke6 57. Qe3+ 1-0

[Event "Liga Madrileña - DH 2018-2019"]
[Site "Madrid ESP"]
[Date "2019.01.27"]
[Round "7.3"]
[White "Alfaya Marcelo, Roberto"]
[Black "Suarez Uriel, Adrian"]
[Result "0-1"]
[WhiteElo "2135"]
[BlackElo "2391"]
[PlyCount "52"]
[EventDate "2018.11.18"]
[EventType "team-tourn"]
[EventRounds "14"]
[EventCountry "ESP"]
[SourceTitle "Ajedrez en Madrid"]
[Source "lmi"]
[SourceDate "2018.11.18"]
[SourceVersion "1"]
[SourceVersionDate "2019.04.02"]
[SourceQuality "1"]
[WhiteTeam "San Sebastian de los Reyes"]
[BlackTeam "Collado Villalba"]
[WhiteTeamCountry "ESP"]
[BlackTeamCountry "ESP"]

1. d4 Nf6 2. c4 g6 3. Nc3 d5 4. Nf3 Bg7 5. Bf4 O-O 6. e3 c5 7. dxc5 Qa5 8. Rc1
Rd8 9. cxd5 Nxd5 10. Qb3 Nxc3 11. bxc3 Be6 12. Bc4 Bxc4 13. Qxc4 Na6 14. Be5
Qxc5 15. Qe4 Bxe5 16. Qxe5 Qc4 17. Qf4 Qd3 18. Qa4 Nc5 19. Qc2 Qa6 20. Ra1 Nd3+
21. Kf1 Rac8 22. h4 Rxc3 23. Qe2 Rdc8 24. Kg1 Qd6 25. Nd2 Rc2 26. Rd1 Nb2 0-1

[Event "Liga Madrileña - DH 2018-2019"]
[Site "Madrid ESP"]
[Date "2019.01.27"]
[Round "7.4"]
[White "Martin Duque, Jesus"]
[Black "Gonzalez Tedin, Antonio"]
[Result "1-0"]
[WhiteElo "2365"]
[BlackElo "2136"]
[PlyCount "51"]
[EventDate "2018.11.18"]
[EventType "team-tourn"]
[EventRounds "14"]
[EventCountry "ESP"]
[SourceTitle "Ajedrez en Madrid"]
[Source "lmi"]
[SourceDate "2018.11.18"]
[SourceVersion "1"]
[SourceVersionDate "2019.04.02"]
[SourceQuality "1"]
[WhiteTeam "Collado Villalba"]
[BlackTeam "San Sebastian de los Reyes"]
[WhiteTeamCountry "ESP"]
[BlackTeamCountry "ESP"]

1. Nf3 Nf6 2. c4 c5 3. Nc3 g6 4. e4 Nc6 5. d4 cxd4 6. Nxd4 d6 7. Be2 Nxd4 8.
Qxd4 Bg7 9. Be3 O-O 10. Qd2 a5 11. O-O a4 12. Bd4 Be6 13. f4 Qa5 14. Rad1 Rfc8
15. b3 axb3 16. axb3 Nd7 17. Bxg7 Kxg7 18. f5 gxf5 19. exf5 Bxf5 20. Qd4+ f6
21. Nd5 Be6 22. Bg4 Bxd5 23. Bxd7 Bc6 24. Bxc8 Rxc8 25. Rde1 Re8 26. Rxe7+ 1-0

[Event "Liga Madrileña - DH 2018-2019"]
[Site "Madrid ESP"]
[Date "2019.01.27"]
[Round "7.5"]
[White "Hernandez Ramos, David"]
[Black "Quispe Arteaga, Gabriel"]
[Result "0-1"]
[WhiteElo "2091"]
[BlackElo "2362"]
[PlyCount "130"]
[EventDate "2018.11.18"]
[EventType "team-tourn"]
[EventRounds "14"]
[EventCountry "ESP"]
[SourceTitle "Ajedrez en Madrid"]
[Source "lmi"]
[SourceDate "2018.11.18"]
[SourceVersion "1"]
[SourceVersionDate "2019.04.02"]
[SourceQuality "1"]
[WhiteTeam "San Sebastian de los Reyes"]
[BlackTeam "Collado Villalba"]
[WhiteTeamCountry "ESP"]
[BlackTeamCountry "ESP"]

1. d4 Nf6 2. c4 e6 3. Nc3 Bb4 4. Qc2 O-O 5. a3 Bxc3+ 6. Qxc3 Ne4 7. Qc2 f5 8.
Nf3 b6 9. g3 Bb7 10. Bg2 Nf6 11. O-O Be4 12. Qc3 d6 13. Bg5 Nbd7 14. Nd2 Bxg2
15. Kxg2 h6 16. Bxf6 Qxf6 17. e3 g5 18. Kh1 Rae8 19. f4 e5 20. fxe5 dxe5 21.
Rae1 c5 22. d5 e4 23. Qxf6 Rxf6 24. b3 Kg7 25. Re2 Ne5 26. Ref2 Ref8 27. h3
R6f7 28. Kg2 Nd3 29. Re2 Rf6 30. a4 a5 31. Kh2 Kf7 32. g4 Kg6 33. gxf5+ Rxf5
34. Rxf5 Kxf5 35. Kg3 Ke5 36. Kg2 Rf6 37. Kg3 h5 38. Rg2 Rf5 39. Re2 Rf6 40.
Rg2 Ne1 41. Re2 Nf3 42. Kg2 Nh4+ 43. Kg3 Nf5+ 44. Kg2 g4 45. hxg4 Rg6 46. Kf2
Rxg4 47. Re1 h4 48. Rh1 Rg3 49. Rxh4 Rxe3 50. Rh8 Kd4 51. Rf8 Rd3 52. Ke1 Ke3
53. Rxf5 Rxd2 54. Rh5 Rb2 55. Rh3+ Kd4 56. Kf1 Rd2 57. Ke1 e3 58. Rh4+ Kc3 59.
Re4 Kd3 60. Re6 Rh2 61. Kf1 e2+ 62. Kg1 Rh8 63. d6 Kd2 64. Kf2 Rf8+ 65. Kg3
e1=Q+ 0-1

[Event "Liga Madrileña - DH 2018-2019"]
[Site "Madrid ESP"]
[Date "2019.01.27"]
[Round "7.6"]
[White "Ortega Ruiz, Jose Miguel"]
[Black "Anton Quevedo, Andrea"]
[Result "1-0"]
[WhiteElo "2302"]
[BlackElo "1874"]
[PlyCount "63"]
[EventDate "2018.11.18"]
[EventType "team-tourn"]
[EventRounds "14"]
[EventCountry "ESP"]
[SourceTitle "Ajedrez en Madrid"]
[Source "lmi"]
[SourceDate "2018.11.18"]
[SourceVersion "1"]
[SourceVersionDate "2019.04.02"]
[SourceQuality "1"]
[WhiteTeam "Collado Villalba"]
[BlackTeam "San Sebastian de los Reyes"]
[WhiteTeamCountry "ESP"]
[BlackTeamCountry "ESP"]

1. d4 Nf6 2. c4 g6 3. Nc3 d5 4. Bf4 c6 5. e3 Bg7 6. h3 O-O 7. Nf3 Re8 8. Be2
Nbd7 9. O-O Nb6 10. b3 Bf5 11. g4 Be6 12. c5 Nbd7 13. Qc2 Nf8 14. Bg3 h5 15.
Ng5 hxg4 16. Nxe6 Nxe6 17. hxg4 Qc8 18. f4 Qd7 19. g5 Ne4 20. Nxe4 dxe4 21.
Qxe4 Nxd4 22. exd4 Bxd4+ 23. Kg2 Bxa1 24. Rxa1 Qd2 25. Be1 Qb2 26. Rb1 Qg7 27.
Qf3 Rad8 28. Bc3 f6 29. Bc4+ Kf8 30. Rh1 Rd7 31. Rh6 Red8 32. Qh3 1-0

[Event "Liga Madrileña - DH 2018-2019"]
[Site "Madrid ESP"]
[Date "2019.01.27"]
[Round "7.1"]
[White "Espinosa Aranda, Angel"]
[Black "Garcia Cuenca, Victor Manuel"]
[Result "0-1"]
[WhiteElo "2478"]
[BlackElo "2337"]
[PlyCount "118"]
[EventDate "2018.11.18"]
[EventType "team-tourn"]
[EventRounds "14"]
[EventCountry "ESP"]
[SourceTitle "Ajedrez en Madrid"]
[Source "lmi"]
[SourceDate "2018.11.18"]
[SourceVersion "1"]
[SourceVersionDate "2019.04.02"]
[SourceQuality "1"]
[WhiteTeam "Virgen de Atocha"]
[BlackTeam "Liberty Chess"]
[WhiteTeamCountry "ESP"]
[BlackTeamCountry "ESP"]

1. d4 Nf6 2. Nf3 c5 3. e3 g6 4. dxc5 Qa5+ 5. Nbd2 Bg7 6. a3 Qxc5 7. b4 Qc7 8.
Bb2 O-O 9. Be2 b6 10. O-O Bb7 11. c4 d6 12. Rc1 Nbd7 13. Qb3 Rac8 14. Rfd1 Qb8
15. Nd4 Ne5 16. N2f3 Nfd7 17. Ne1 Qa8 18. f4 Nc6 19. Nb5 Bxb2 20. Qxb2 Nf6 21.
Nxd6 exd6 22. Qxf6 Rfe8 23. Qc3 Ne7 24. Qd2 h5 25. Bd3 Be4 26. Bf1 Nf5 27. Rc3
a5 28. Nd3 Bxd3 29. Bxd3 Nxe3 30. Re1 axb4 31. axb4 Nxg2 32. Rf1 Ne3 33. Re1
Ng4 34. Rcc1 Qf3 35. Bf1 Ne3 36. Qf2 Qg4+ 37. Qg3 Nxf1 38. Qxg4 hxg4 39. Kxf1
Rxe1+ 40. Kxe1 Kg7 41. Kf2 Kf6 42. Kg3 Kf5 43. Rd1 Rxc4 44. Rxd6 Rc3+ 45. Kg2
b5 46. Rb6 Rb3 47. Rxb5+ Kxf4 48. Rb6 Rb2+ 49. Kf1 f5 50. Rxg6 Rxh2 51. Rc6 Rb2
52. Rc4+ Ke3 53. Rc3+ Kd4 54. Rc8 f4 55. b5 f3 56. b6 g3 57. Rd8+ Ke5 58. Re8+
Kd6 59. Re1 g2+ 0-1